| 000 | 00549nam a2200193Ia 4500 | ||
|---|---|---|---|
| 005 | 20250508154356.0 | ||
| 008 | 008 250505s9999 xx 000 0 eng d | ||
| 037 | _aTextual | ||
| 040 |
_aFEDL _beng _cFEDL |
||
| 041 |
_aeng _2eng |
||
| 084 |
_a160, BOS _qFEDL |
||
| 100 | _aBosanquet Bernard | ||
| 245 | 0 | _aEssentials of logic being ten lectures on judgment and inference | |
| 260 |
_aLondon, UK _bMacmillan and Co. Ltd. _c1960 |
||
| 300 | _ax,167p. | ||
| 650 | _aLogic | ||
| 942 |
_cTEXL _h160, BOS |
||
| 999 |
_c1349812 _d1349812 |
||